Statistiques concernant Géographie par image - X

Cliquez ici pour prendre le quiz!

Statistiques générales

  • Ce quiz a été pris 165 fois
  • Le résultat moyen est 2 sur 8

Statistiques - réponses

Réponse% Correct
Xi'an
73%
Xinjiang
32%
Xynthia
27%
Xhosa
16%
Xalapa
11%
Xingu
8%
Xerophytes
7%
Xénomorphe
4%

Distribution des résultats

Percentile par nombre de réponses

% des personnes avec chaque résultat

Votre développement - résultats

Vous n’avez pas pris ce quiz